Missing 'A' Acronyms Quiz Stats

 Plays Quiz Updated Jul 9, 2018

Score 0/35 Timer 04:00
6 Plays Today
% Correct
Asked
93.3%
All
92.3%
As
92.1%
Alcoholics
91.4%
Against
91.2%
Automated
90.5%
Air
89.7%
Apparatus
89.2%
Association
88%
Arab
87.7%
Already
86.7%
Acid
86.1%
Actors
86%
Alien
85.6%
Anno
82.6%
Advancement
82.2%
Administration
79.5%
Agunnaryd
78.7%
% Correct
Access
78.4%
American
78.1%
Anterior
78%
Arts
77.9%
Alternating
77.5%
Abuse
76.7%
Average
76%
Acronym
73.7%
Airlines
72.6%
Assistant
72.5%
Atlantic
69.1%
Agnetha
68.7%
Army
68.6%
And
62.8%
Assistance
61.3%
Advocate
60.9%
All-purpose
49.6%

You're not logged in!

Compare scores with friends on all Sporcle quizzes.
OR
Log In

Sporcle TV

Today on Sporcle TV


Watch our educational content, quiz creation guides, and fun videos on Sporcle TV.

Show Comments

Extras

Top Quizzes Today


Score Distribution

Your Account Isn't Verified!

In order to create a playlist on Sporcle, you need to verify the email address you used during registration. Go to your Sporcle Settings to finish the process.

Report this User

Report this user for behavior that violates our Community Guidelines.

Details: